000 01228nam a22002777a 4500
005 20120809110440.0
008 120809t xxu||||| |||| 00| 0 eng d
010 _aENG-105523
020 _a9780198084969
_c475.00
020 _a019808496x
_c475.00
035 _aEN-89056
037 _bDBAD / PUB
040 _adpl
_bEnglish
082 _a323.34
100 _aBaxi, Upendra
_950923
245 _aThe future of human rights /
_cby Upendra Baxi
250 _a3rd ed
260 _aNew Delhi
_bOxford University Press
_c2012
270 _aYMCA Library Building, Jai Singh Road
_bNew Delhi
_e110 001
300 _aI,393p.
_c22cm(pbk)
500 _aIncludes bibliographical references and index
942 _adpl
_cEN
_2ddc
_h323.34
_mBAX
999 _c68950
_d68950